| 000 | 00896nam a22002777a 4500 | ||
|---|---|---|---|
| 003 | dpl | ||
| 005 | 20180810130359.0 | ||
| 008 | 180810b xxu||||| |||| 00| 0 eng d | ||
| 010 | _aA-936155 | ||
| 020 |
_c00.00 _a818587011 |
||
| 035 | h | _aA-936155, A-936159 | |
| 037 | _bCen Lib/Ret | ||
| 040 |
_aDPL _bEN _c0 |
||
| 082 |
_a270.8 _bGAU |
||
| 100 |
_aGauhar, G. N _914225 |
||
| 245 |
_aHazratbal : _cby G. N. Gauhar _bthe central stage of kashmir politics / |
||
| 246 | _b | ||
| 260 |
_aNew Delhi _bVirgo Publications _c1998 |
||
| 270 |
_aL-67A, Malviya Nagar _bNew Delhi _e110017 |
||
| 300 |
_a268p. _c20cm(Hb) |
||
| 650 |
_aPolitical science _914226 |
||
| 650 |
_aIndia--Jammu and Kashmir _914227 |
||
| 650 |
_aभारतीय अर्थव्यवस्था _93593 |
||
| 650 |
_a औद्योगिक नीति _914228 |
||
| 942 |
_2ddc _cEN _h270.8 _mGAU |
||
| 999 |
_c125406 _d125406 |
||